Joseph Meck (1690-1758): Leben und Werk des Eichstätter Hofkapellmeisters /

Hlavní autor: Beckmann, Klaus, 1935-
Korporativní autor: Ruhr-Universität Bochum
Jazyk: Němčina
Vydáno: Bochum : K. Beckmann, 1975
Fyzický popis: 136 s.
Knihy
Uloženo v:
LEADER 00726nam a22002172a 4500
001 001219939
003 CZ BrMZK
005 20121214091629.0
007 ta
008 120605s1975 gw er|||||||||||ger d
040 |a BOA001  |b cze 
100 1 |a Beckmann, Klaus,  |d 1935-  |7 jx20091012003  |4 dis 
245 1 0 |a Joseph Meck (1690-1758):  |b Leben und Werk des Eichstätter Hofkapellmeisters /  |c Klaus Beckmann 
260 |a Bochum :  |b K. Beckmann,  |c 1975 
300 |a 136 s. 
502 |a Disertace--Universität Bochum, 1975 
710 2 |a Ruhr-Universität Bochum  |7 kn20010710603 
910 |a BOA001  |b 2-0755.774 
990 |a BK 
991 |b 201206 
996 7 |b 2619531100  |c 2-0755.774  |l MZK  |r Sklad / do 1 hodiny  |n 0  |w 001253820  |u 000010  |a 1  |e BOA001  |j MZK50  |s A